000 00643nam a2200193Ia 4500
008 131103s9999 xx 000 0 und d
020 _a0-579-74115-1
_cRs. 495.67
040 _aLoreto College
041 _aEnglish
082 _a808.81/MAC
_bLCLB/42297
245 4 _aThe Vintage Book of contemporary world poetry
_cedited and with an introduction by J.D.McClatchy
260 _aNew York
_bVintage Books
_c1996
300 _axxii,654p, 20.5cm
504 _aIncludes bibliographical references
650 _aPoetry-world
651 _aPoetry, Modern-20th century-Translation into English
700 _aMcClatchy, J. D. ed.
942 _cBK
999 _c2004
_d52483